[Event "Pavlodar op"]
[Site "Pavlodar"]
[Date "2015.12.16"]
[Round "10"]
[White "Akmatov, Altay"]
[Black "Vladimirov, Mikhail"]
[Result "0-1"]
[WhiteElo "1636"]
[BlackElo "2135"]
[PlyCount "46"]
[EventDate "2015.12.07"]
[EventType "swiss"]
[EventRounds "10"]
[EventCountry "KAZ"]
[SourceTitle "EXT 2017"]
[Source "ChessBase"]
[SourceDate "2016.10.25"]
[SourceVersion "1"]
[SourceVersionDate "2016.10.25"]
[SourceQuality "1"]

1. e4 c5 2. Nf3 d6 3. d4 cxd4 4. Nxd4 Nf6 5. Nc3 a6 6. Be2 e5 7. Nb3 Be7 8. 0-0 0-0 9. h3 Qc7 10. Kh1 b5 11. f4 Bb7 12. Bf3 Nbd7 13. a3 Rac8 14. Be3 Rfd8 15. Rc1 Nb6 16. Bxb6 Qxb6 17. Qe2 exf4 18. Bg4 Rxc3 19. bxc3 Nxe4 20. Rf3 Bh4 21. Nd4 g6 22. Rd3 h5 23. Bxh5 Re8 0-1

[Event "Pavlodar op"]
[Site "Pavlodar"]
[Date "2015.12.09"]
[Round "4"]
[White "Skurygin, Grigoriy"]
[Black "Vladimirov, Mikhail"]
[Result "0-1"]
[WhiteElo "2166"]
[BlackElo "2135"]
[PlyCount "85"]
[EventDate "2015.12.07"]
[EventType "swiss"]
[EventRounds "10"]
[EventCountry "KAZ"]
[SourceTitle "EXT 2017"]
[Source "ChessBase"]
[SourceDate "2016.10.25"]
[SourceVersion "1"]
[SourceVersionDate "2016.10.25"]
[SourceQuality "1"]

1. d4 Nf6 2. Nf3 g6 3. Bf4 Bg7 4. e3 c5 5. c3 0-0 6. Be2 d6 7. h3 b6 8. Nbd2 Bb7 9. 0-0 Nbd7 10. Qb3 e5 11. Bh2 Qe7 12. Rfd1 Rfe8 13. a4 Nd5 14. dxe5 Nxe5 15. Nxe5 dxe5 16. a5 Qc7 17. Bf3 Red8 18. Nc4 Rab8 19. Na3 bxa5 20. Qc4 Nb6 21. Qe2 Rxd1+ 22. Rxd1 Bxf3 23. Qxf3 Na4 24. Qe4 Nxb2 25. Rd2 Rd8 26. Bxe5 Bxe5 27. Rxd8+ Qxd8 28. Qxe5 Nd3 29. Qe4 Nb2 30. Nb5 a6 31. Na7 a4 32. Nc6 Qd1+ 33. Kh2 Qd6+ 34. g3 Qf6 35. Kg1 Nd1 36. Qc2 Nxc3 37. Na5 a3 38. Nb3 c4 39. Nd4 Nb5 40. Qxc4 Nxd4 41. exd4 Qb6 42. Qa4 Qb1+ 43. Kg2 0-1

[Event "Pavlodar op"]
[Site "Pavlodar"]
[Date "2015.12.08"]
[Round "2"]
[White "Abdilkhair, Abilmansur"]
[Black "Vladimirov, Mikhail"]
[Result "1/2-1/2"]
[WhiteElo "1867"]
[BlackElo "2135"]
[PlyCount "95"]
[EventDate "2015.12.07"]
[EventType "swiss"]
[EventRounds "10"]
[EventCountry "KAZ"]
[SourceTitle "EXT 2017"]
[Source "ChessBase"]
[SourceDate "2016.10.25"]
[SourceVersion "1"]
[SourceVersionDate "2016.10.25"]
[SourceQuality "1"]

1. d4 d5 2. Nf3 c6 3. Bf4 Nf6 4. e3 Nbd7 5. Bd3 g6 6. Nbd2 Bg7 7. c3 0-0 8. 0-0 Nh5 9. Bg3 Nxg3 10. hxg3 e5 11. dxe5 Nxe5 12. Nxe5 Bxe5 13. e4 Qb6 14. exd5 Qxb2 15. dxc6 bxc6 16. Rc1 Qxa2 17. Nc4 Rd8 18. Nxe5 Qe6 19. Qe1 Rd5 20. f4 f6 21. Bc4 fxe5 22. fxe5 a5 23. Rf6 Qg4 24. Rxc6 Be6 25. Rxe6 Qxc4 26. Qf2 a4 27. Re7 Qc5 28. Qxc5 Rxc5 29. e6 a3 30. Rd7 a2 31. Ra1 Rb5 32. e7 Rab8 33. Rxa2 Kf7 34. Re2 Ke8 35. Rd3 R5b7 36. Rde3 Rc8 37. Kf2 Rbc7 38. Rc2 Rxe7 39. Rxe7+ Kxe7 40. c4 Kd6 41. Kf3 Kc5 42. Kf4 h6 43. g4 Rf8+ 44. Ke5 g5 45. Rc3 Rf4 46. Rh3 Rxc4 47. g3 Rxg4 48. Kf5 1/2-1/2

[Event "Pavlodar op"]
[Site "Pavlodar"]
[Date "2015.12.08"]
[Round "3"]
[White "Vladimirov, Mikhail"]
[Black "Kairbek, Bayurzhan"]
[Result "1-0"]
[WhiteElo "2135"]
[BlackElo "1713"]
[PlyCount "43"]
[EventDate "2015.12.07"]
[EventType "swiss"]
[EventRounds "10"]
[EventCountry "KAZ"]
[SourceTitle "EXT 2017"]
[Source "ChessBase"]
[SourceDate "2016.10.25"]
[SourceVersion "1"]
[SourceVersionDate "2016.10.25"]
[SourceQuality "1"]

1. e4 e5 2. Nf3 Nc6 3. Nc3 d6 4. d4 exd4 5. Nxd4 g6 6. Nd5 Bg7 7. Nb5 Rb8 8. Ndxc7+ Ke7 9. Bg5+ f6 10. Bf4 Ne5 11. Qd4 a6 12. Qa7 Nc6 13. Qb6 axb5 14. Rd1 Ne5 15. Nd5+ Ke8 16. Bxb5+ Bd7 17. Nc7+ Kf7 18. Rxd6 Nc6 19. Bc4+ Ke7 20. Qc5 Nh6 21. Re6+ Kf7 22. Re8+ 1-0

[Event "Pavlodar op"]
[Site "Pavlodar"]
[Date "2014.12.05"]
[Round "6"]
[White "Vladimirov, Mikhail"]
[Black "Bauyrzhan, Arnash"]
[Result "0-1"]
[WhiteElo "2169"]
[BlackElo "1908"]
[PlyCount "118"]
[EventDate "2014.12.01"]
[EventType "swiss"]
[EventRounds "9"]
[EventCountry "KAZ"]
[SourceTitle "EXT 2016"]
[Source "ChessBase"]
[SourceDate "2015.10.08"]
[SourceVersion "1"]
[SourceVersionDate "2015.10.08"]
[SourceQuality "1"]

1. d4 d5 2. c4 e6 3. Nf3 Nf6 4. g3 Be7 5. Bg2 0-0 6. 0-0 dxc4 7. Nbd2 c5 8. Nxc4 Nc6 9. dxc5 Bxc5 10. Bf4 Nd5 11. Bd2 b5 12. Nce5 Nxe5 13. Nxe5 Bb7 14. Qb3 a6 15. Rad1 Qc7 16. Nd3 Bb6 17. Rc1 Qd7 18. Rfd1 Rfc8 19. e4 Nf6 20. Bc3 Nxe4 21. Ne5 Qe7 22. Rd7 Qg5 23. Rf1 Rxc3 24. bxc3 Qxe5 25. Rxb7 Nc5 26. Rxb6 Nxb3 27. Bxa8 Nc5 28. Rd1 g6 29. Rc1 Kg7 30. c4 Nd3 31. Rf1 bxc4 32. Rxa6 Nb4 33. Ra3 c3 34. Rc1 c2 35. Rb3 Qg5 36. Re3 Qg4 37. a3 Na2 38. Re4 Nxc1 39. Rxg4 Ne2+ 40. Kf1 Nc3 41. a4 c1Q+ 42. Kg2 Qd1 43. Bf3 Qa1 44. Bc6 Nd5 45. Re4 Qa2 46. Bb5 Nc3 47. Rb4 Qa3 48. Rc4 Nxb5 49. axb5 Qb3 50. Rc5 Qb4 51. Re5 Kf6 52. f4 Ke7 53. h4 f6 54. Re2 Qxb5 55. Kf2 e5 56. fxe5 fxe5 57. Kf3 Ke6 58. g4 Qd3+ 59. Kf2 Qh3 0-1

[Event "Pavlodar op"]
[Site "Pavlodar"]
[Date "2014.12.02"]
[Round "3"]
[White "Myakinki, Nikolai"]
[Black "Vladimirov, Mikhail"]
[Result "0-1"]
[WhiteElo "1868"]
[BlackElo "2169"]
[PlyCount "73"]
[EventDate "2014.12.01"]
[EventType "swiss"]
[EventRounds "9"]
[EventCountry "KAZ"]
[SourceTitle "EXT 2016"]
[Source "ChessBase"]
[SourceDate "2015.10.08"]
[SourceVersion "1"]
[SourceVersionDate "2015.10.08"]
[SourceQuality "1"]

1. d4 Nf6 2. c3 e5 3. dxe5 Ng4 4. Nf3 Bc5 5. e3 Nc6 6. Qd5 Qe7 7. Nbd2 Ngxe5 8. Nxe5 Nxe5 9. Nb3 Bb6 10. h3 0-0 11. Be2 c6 12. Qe4 d5 13. Qc2 Qg5 14. g3 Bf5 15. Qd1 Be4 16. Rg1 Rfe8 17. f4 Qh6 18. fxe5 Qxh3 19. Bf3 Qh2 20. Kf1 Rxe5 21. Bxe4 dxe4 22. Nd4 c5 23. Qe2 Qh3+ 24. Ke1 cxd4 25. exd4 Re6 26. Be3 Bc7 27. g4 Rf6 28. Kd2 Rf3 29. Raf1 a6 30. a4 Re8 31. g5 g6 32. b3 Re6 33. b4 Qf5 34. c4 Rb6 35. Kc3 Re6 36. Rxf3 exf3 37. Qf2 0-1

[Event "Novokuznetsk-ch"]
[Site "Novokuznetsk"]
[Date "2013.11.30"]
[Round "4"]
[White "Vladimirov, Mikhail"]
[Black "Shukan, Alexander"]
[Result "1/2-1/2"]
[WhiteElo "2164"]
[BlackElo "2148"]
[PlyCount "51"]
[EventDate "2013.11.17"]
[EventType "swiss"]
[EventRounds "9"]
[EventCountry "RUS"]
[SourceTitle "EXT 2015"]
[Source "ChessBase"]
[SourceDate "2014.11.20"]
[SourceVersion "1"]
[SourceVersionDate "2014.11.20"]
[SourceQuality "1"]

1. e4 d5 2. exd5 Qxd5 3. Nc3 Qd6 4. d4 Nf6 5. Nf3 g6 6. Nb5 Qb6 7. c4 c6 8. Nc3 Bg7 9. Be2 0-0 10. 0-0 Rd8 11. h3 Bf5 12. Qb3 Na6 13. Be3 Qxb3 14. axb3 Nb4 15. g4 Bd3 16. Bxd3 Nxd3 17. Rfd1 Nb4 18. Rd2 h5 19. g5 Ne8 20. d5 b6 21. Ra4 c5 22. Bf4 Nd6 23. Ra1 Rd7 24. Kg2 Nf5 25. Na2 Nxa2 26. Rxa2 1/2-1/2

[Event "Novokuznetsk Siberia-ch"]
[Site "Novokuznetsk"]
[Date "2013.03.29"]
[Round "9"]
[White "Kalyndu, Aldynbek"]
[Black "Vladimirov, Mikhail"]
[Result "1/2-1/2"]
[WhiteElo "2101"]
[BlackElo "2184"]
[PlyCount "83"]
[EventDate "2013.03.21"]
[EventType "swiss"]
[EventRounds "9"]
[EventCountry "RUS"]
[SourceTitle "CBM 153 Extra"]
[Source "ChessBase"]
[SourceDate "2013.04.22"]
[SourceVersion "1"]
[SourceVersionDate "2013.04.22"]
[SourceQuality "1"]

1. Nf3 e6 2. c4 d5 3. d4 c6 4. Nbd2 f5 5. g3 Nf6 6. Bg2 Be7 7. 0-0 0-0 8. Ne5 Nbd7 9. Ndf3 Nxe5 10. Nxe5 Nd7 11. Nxd7 Bxd7 12. Qd3 Bf6 13. Rd1 g5 14. f4 h6 15. Be3 Qe7 16. Rab1 Be8 17. c5 Bh5 18. b4 a6 19. Rd2 Kg7 20. Bf2 gxf4 21. gxf4 Rg8 22. Kh1 Kh7 23. Rg1 Bh4 24. Qe3 Rg6 25. Rdd1 Rag8 26. Rdf1 Qf6 27. Rd1 Qd8 28. Rb1 R8g7 29. a3 Bf6 30. Bf3 Bg4 31. Bg2 Rg8 32. h3 Bh5 33. Bf3 Bxf3+ 34. Qxf3 Rxg1+ 35. Rxg1 Rxg1+ 36. Kxg1 Qg8+ 37. Kh2 Qg7 38. e3 Qg6 39. Qe2 Qe8 40. Qf3 Qb8 41. Qh5 Qg8 42. Bh4 1/2-1/2

[Event "Novokuznetsk Siberia-ch"]
[Site "Novokuznetsk"]
[Date "2013.03.28"]
[Round "8"]
[White "Vladimirov, Mikhail"]
[Black "Khanin, Semen"]
[Result "0-1"]
[WhiteElo "2184"]
[BlackElo "2229"]
[PlyCount "58"]
[EventDate "2013.03.21"]
[EventType "swiss"]
[EventRounds "9"]
[EventCountry "RUS"]
[SourceTitle "CBM 153 Extra"]
[Source "ChessBase"]
[SourceDate "2013.04.22"]
[SourceVersion "1"]
[SourceVersionDate "2013.04.22"]
[SourceQuality "1"]

1. e4 c5 2. Nf3 Nc6 3. Bb5 g6 4. Bxc6 dxc6 5. Nc3 Bg7 6. h3 e5 7. d3 Qe7 8. Be3 Nf6 9. Qd2 0-0 10. Bh6 Nh5 11. g4 Bxh6 12. Qxh6 Nf4 13. 0-0-0 f6 14. Qh4 b5 15. Rd2 Be6 16. Kb1 a5 17. Qg3 a4 18. Ne2 c4 19. d4 Nxe2 20. Rxe2 c3 21. bxc3 Bc4 22. Rhe1 Qa3 23. g5 Bxa2+ 24. Ka1 Bc4+ 25. Kb1 b4 26. cxb4 Rfb8 27. c3 Qxc3 28. Rc2 Bd3 29. Ree2 Qa3 0-1

[Event "Novokuznetsk Siberia-ch"]
[Site "Novokuznetsk"]
[Date "2013.03.26"]
[Round "6"]
[White "Vladimirov, Mikhail"]
[Black "Nikolaev, Alexander"]
[Result "1-0"]
[WhiteElo "2184"]
[BlackElo "2250"]
[PlyCount "63"]
[EventDate "2013.03.21"]
[EventType "swiss"]
[EventRounds "9"]
[EventCountry "RUS"]
[SourceTitle "CBM 153 Extra"]
[Source "ChessBase"]
[SourceDate "2013.04.22"]
[SourceVersion "1"]
[SourceVersionDate "2013.04.22"]
[SourceQuality "1"]

1. e4 e6 2. d4 d5 3. Nc3 Bb4 4. exd5 exd5 5. Bd3 Nc6 6. Nf3 Nge7 7. a3 Ba5 8. 0-0 Bg4 9. Ne2 Bxf3 10. gxf3 0-0 11. Kh1 Ng6 12. Rg1 Qf6 13. Rg3 Nce7 14. Bg5 Qd6 15. Qf1 f6 16. Be3 f5 17. Bg5 h6 18. Bc1 Kh7 19. Qh3 c6 20. Qh5 Qf6 21. Bg5 Qf7 22. Rag1 Bc7 23. Rh3 Ng8 24. Ng3 N6e7 25. Qg4 Kh8 26. Qh4 Ng6 27. Qh5 N6e7 28. Re1 f4 29. Bxe7 Nxe7 30. Rxe7 Qxe7 31. Qg6 Kg8 32. Rxh6 1-0

[Event "Novokuznetsk Siberia-ch"]
[Site "Novokuznetsk"]
[Date "2013.03.21"]
[Round "1"]
[White "Vladimirov, Mikhail"]
[Black "Dambaev, Bilikto"]
[Result "0-1"]
[WhiteElo "2184"]
[BlackElo "1799"]
[PlyCount "186"]
[EventDate "2013.03.21"]
[EventType "swiss"]
[EventRounds "9"]
[EventCountry "RUS"]
[SourceTitle "CBM 153 Extra"]
[Source "ChessBase"]
[SourceDate "2013.04.22"]
[SourceVersion "1"]
[SourceVersionDate "2013.04.22"]
[SourceQuality "1"]

1. e4 c5 2. Nc3 Nc6 3. Bb5 Nd4 4. Bc4 d6 5. Nf3 Nf6 6. h3 e6 7. d3 Nxf3+ 8. Qxf3 Be7 9. Bd2 a6 10. a4 Bd7 11. Qg3 b5 12. Bb3 0-0 13. 0-0 c4 14. Ba2 cxd3 15. cxd3 b4 16. Nd1 Rb8 17. Bb3 e5 18. Ne3 Nh5 19. Qf3 Nf4 20. Nf5 Be6 21. Bd1 Bg5 22. Bxf4 Bxf4 23. g3 Bg5 24. h4 Bf6 25. Be2 d5 26. Rac1 d4 27. Rc6 Rb6 28. Rfc1 Rxc6 29. Rxc6 Qa5 30. b3 Rc8 31. Rxc8+ Bxc8 32. Nd6 Be6 33. Nc4 Qc7 34. Bf1 Be7 35. Qd1 a5 36. Kh2 f5 37. exf5 Bxf5 38. Bh3 Bxh3 39. Kxh3 Bd8 40. Qf3 Qd7+ 41. Kg2 Bc7 42. Qb7 Qd8 43. Qc6 Kf7 44. Nd2 Qd6 45. Qb7 Qb6 46. Qd5+ Qe6 47. Qb7 Qb6 48. Qa8 h6 49. Qf3+ Ke7 50. Nc4 Qe6 51. Qe4 Kf7 52. Qb7 Qe7 53. Nd2 Kf8 54. Qd5 Qd6 55. Qxd6+ Bxd6 56. Kf3 Kf7 57. Ke4 Ke6 58. h5 Bb8 59. f4 exf4 60. gxf4 Kf6 61. Nf3 g6 62. hxg6 Kxg6 63. Nxd4 h5 64. Nf5 Bc7 65. d4 Bd8 66. Ne3 h4 67. Kf3 Kf6 68. Kg4 Ke6 69. f5+ Kd6 70. Kf4 Bf6 71. Kg4 Bd8 72. Kh3 Kc6 73. Ng2 Kd5 74. Nf4+ Ke4 75. Kg4 Bf6 76. d5 h3 77. Nxh3 Kxd5 78. Kf4 Kd4 79. Nf2 Be5+ 80. Kf3 Kc3 81. Ke4 Bg7 82. Nd3 Kxb3 83. Nc5+ Kc3 84. Kd5 b3 85. Ne4+ Kc2 86. f6 Bxf6 87. Nxf6 b2 88. Kc6 b1Q 89. Nd5 Qh1 90. Kc5 Kb3 91. Nb6 Qg1+ 92. Kb5 Qxb6+ 93. Kxb6 Kxa4 0-1

[Event "Novokuznetsk-ch"]
[Site "Novokuznetsk"]
[Date "2011.??.??"]
[Round "5"]
[White "Khramtsov, Anatoliy"]
[Black "Vladimirov, Mikhail"]
[Result "1-0"]
[WhiteElo "2303"]
[BlackElo "2170"]
[PlyCount "69"]
[EventDate "2011.11.19"]
[EventType "swiss"]
[EventRounds "9"]
[EventCountry "RUS"]
[SourceTitle "EXT 2013"]
[Source "ChessBase"]
[SourceDate "2012.11.22"]
[SourceVersion "1"]
[SourceVersionDate "2012.11.22"]
[SourceQuality "1"]

1. e4 c5 2. Nf3 d6 3. d4 cxd4 4. Nxd4 Nf6 5. Nc3 a6 6. Be2 e5 7. Nb3 Be7 8. 0-0 0-0 9. f4 b5 10. Bf3 Bb7 11. Kh1 Nbd7 12. Qe1 Rc8 13. a3 Qc7 14. Qg3 a5 15. fxe5 Nxe5 16. Nd4 Qc4 17. Bh6 Ng6 18. Nf5 Ne8 19. Be2 Qe6 20. Bg4 Rxc3 21. bxc3 Qc4 22. Nxe7+ Nxe7 23. Bf3 Qxc3 24. Bf4 Qxc2 25. Bxd6 Nxd6 26. Qxd6 Ng6 27. Rac1 Qa4 28. e5 Bxf3 29. Rxf3 Qe4 30. e6 fxe6 31. Rxf8+ Nxf8 32. Rf1 Qa8 33. Qe7 Ng6 34. Qxe6+ Kh8 35. Rc1 1-0

[Event "Novokuznetsk-ch"]
[Site "Novokuznetsk"]
[Date "2011.??.??"]
[Round "4"]
[White "Vladimirov, Mikhail"]
[Black "Izmailov, Anatoly"]
[Result "1-0"]
[WhiteElo "2170"]
[BlackElo "1960"]
[PlyCount "43"]
[EventDate "2011.11.19"]
[EventType "swiss"]
[EventRounds "9"]
[EventCountry "RUS"]
[SourceTitle "EXT 2013"]
[Source "ChessBase"]
[SourceDate "2012.11.22"]
[SourceVersion "1"]
[SourceVersionDate "2012.11.22"]
[SourceQuality "1"]

1. e4 e5 2. Nf3 Nc6 3. Bb5 Bc5 4. 0-0 d6 5. c3 Bg4 6. d4 exd4 7. cxd4 Bb4 8. a3 Ba5 9. b4 a6 10. Bxc6+ bxc6 11. bxa5 Nf6 12. h3 Bh5 13. Bg5 h6 14. Bxf6 Qxf6 15. e5 dxe5 16. dxe5 Qe6 17. Nd4 Qg6 18. Qa4 0-0-0 19. Nxc6 Rd7 20. Qc4 Kb7 21. Nc3 Qd3 22. Rab1+ 1-0

[Event "Novokuznetsk-ch"]
[Site "Novokuznetsk"]
[Date "2011.??.??"]
[Round "9"]
[White "Vladimirov, Mikhail"]
[Black "Temnikov, Anatoly"]
[Result "1-0"]
[WhiteElo "2170"]
[BlackElo "2201"]
[PlyCount "91"]
[EventDate "2011.11.19"]
[EventType "swiss"]
[EventRounds "9"]
[EventCountry "RUS"]
[SourceTitle "EXT 2013"]
[Source "ChessBase"]
[SourceDate "2012.11.22"]
[SourceVersion "1"]
[SourceVersionDate "2012.11.22"]
[SourceQuality "1"]

1. e4 c6 2. d4 d5 3. e5 Bf5 4. h4 h5 5. c4 dxc4 6. Bxc4 e6 7. Nf3 Nd7 8. Nc3 Nb6 9. Bb3 Ne7 10. Bg5 Qd7 11. 0-0 Bg4 12. Qd3 Bxf3 13. Qxf3 Nf5 14. Rfd1 Be7 15. Ne4 Nxh4 16. Bxh4 Bxh4 17. Nc5 Qe7 18. Ne4 Kf8 19. g3 Bg5 20. Bxe6 Qxe6 21. Nxg5 Qe7 22. e6 Qf6 23. Qa3+ Qe7 24. Qxe7+ Kxe7 25. exf7 Kf6 26. f4 Kf5 27. Re1 Raf8 28. Re5+ Kf6 29. Rae1 Nd5 30. Re8 Nc7 31. Rxf8 Rxf8 32. Nh7+ Kxf7 33. Nxf8 Kxf8 34. Re5 Nb5 35. d5 g6 36. dxc6 bxc6 37. Re6 Nd4 38. Rxg6 Kf7 39. Rd6 Nf5 40. Rxc6 Nxg3 41. Kf2 Nf5 42. Rc7+ Kg6 43. Rxa7 h4 44. Ra6+ Kf7 45. Ra5 Nd4 46. Rh5 1-0

[Event "Novokuznetsk-ch op"]
[Site "Novokuznetsk"]
[Date "2010.12.04"]
[Round "6"]
[White "Karpov, Arkadiy"]
[Black "Vladimirov, Mikhail"]
[Result "0-1"]
[WhiteElo "2000"]
[BlackElo "2623"]
[PlyCount "84"]
[EventDate "2010.11.14"]
[EventType "swiss"]
[EventRounds "9"]
[EventCountry "RUS"]
[SourceTitle "EXT 2022"]
[Source "ChessBase"]
[SourceDate "2021.10.06"]
[SourceVersion "1"]
[SourceVersionDate "2021.10.06"]
[SourceQuality "1"]

1. d4 Nf6 2. Nf3 e6 3. e3 b6 4. Bd3 Bb7 5. b3 Bb4+ 6. c3 Be7 7. Bb2 0-0 8. Nbd2 d5 9. 0-0 Nbd7 10. Re1 Ne4 11. c4 f5 12. a3 Rf6 13. b4 Rh6 14. c5 Bf6 15. Qc2 bxc5 16. bxc5 Bc6 17. Rab1 Qe8 18. a4 Qh5 19. Bb5 Bxb5 20. axb5 Nxd2 21. Qxd2 g5 22. h3 g4 23. Nh2 Nf8 24. Qa5 Bd8 25. Bc1 Rg6 26. b6 cxb6 27. cxb6 Qh4 28. Ba3 gxh3 29. g3 Rxg3+ 30. Kf1 Rg2 31. Qd2 Bxb6 32. Bd6 Ba5 33. Bb4 Bc7 34. Nf3 Qg4 35. Ke2 Rxf2+ 36. Kd3 Qxf3 37. Qc1 Qe4+ 38. Kc3 Ba5 39. Rg1+ Ng6 40. Kb3 Rb8 41. Ka3 Qd3+ 42. Rb3 Bxb4+ 0-1

[Event "Novokuznetsk-ch op"]
[Site "Novokuznetsk"]
[Date "2010.11.21"]
[Round "3"]
[White "Vladimirov, Mikhail"]
[Black "Popov, Yury"]
[Result "1-0"]
[WhiteElo "2623"]
[BlackElo "2014"]
[PlyCount "105"]
[EventDate "2010.11.14"]
[EventType "swiss"]
[EventRounds "9"]
[EventCountry "RUS"]
[SourceTitle "EXT 2022"]
[Source "ChessBase"]
[SourceDate "2021.10.06"]
[SourceVersion "1"]
[SourceVersionDate "2021.10.06"]
[SourceQuality "1"]

1. e4 c6 2. d4 d5 3. e5 e6 4. Nf3 Nd7 5. Bd3 c5 6. c3 cxd4 7. cxd4 Ne7 8. 0-0 Nc6 9. Nc3 a6 10. Be3 Nb4 11. Bb1 Nb6 12. a3 Nc6 13. Bd3 Be7 14. Nd2 0-0 15. Qh5 g6 16. Qh6 f5 17. exf6 Rxf6 18. Nf3 Qf8 19. Rfe1 Bd7 20. Rac1 Rc8 21. Qxf8+ Bxf8 22. Ne5 Bd6 23. Nxd7 Nxd7 24. Bg5 Nxd4 25. Bxf6 Nxf6 26. Nxd5 Rxc1 27. Nxf6+ Kf7 28. Rxc1 Kxf6 29. Kf1 a5 30. Rc4 Nc6 31. Be4 Ne5 32. Rc8 b6 33. f4 Nf7 34. g3 Bc5 35. Rc7 h6 36. Ke2 Nd6 37. Bd3 g5 38. Kf3 Nf7 39. Kg4 Bg1 40. Rc6 Bc5 41. b4 axb4 42. axb4 Bxb4 43. Rxb6 Bc5 44. Rc6 Bd6 45. fxg5+ hxg5 46. Kh5 Be7 47. Bc4 Nd6 48. Bb3 e5 49. Bc2 Ke6 50. Kg6 Kd5 51. Rc7 Bd8 52. Bb3+ Kd4 53. Rd7 1-0

[Event "Sibiria Region-ch"]
[Site "Irkutsk"]
[Date "2010.05.20"]
[Round "7"]
[White "Vladimirov, Mikhail"]
[Black "Samdanov, Samdan"]
[Result "0-1"]
[WhiteElo "2204"]
[BlackElo "2027"]
[PlyCount "56"]
[EventDate "2010.05.15"]
[EventType "swiss"]
[EventRounds "9"]
[EventCountry "RUS"]
[SourceTitle "CBM 136 Extra"]
[Source "ChessBase"]
[SourceDate "2010.07.02"]
[SourceVersion "2"]
[SourceVersionDate "2010.07.15"]
[SourceQuality "1"]

1. e4 c5 2. Nc3 d6 3. Nf3 Nf6 4. d4 cxd4 5. Nxd4 a6 6. Bg5 e6 7. f4 b5 8. e5 dxe5 9. fxe5 Qc7 10. Bf4 b4 11. Qf3 bxc3 12. exf6 cxb2 13. Rd1 Qb7 14. fxg7 Bxg7 15. Nxe6 fxe6 16. Qh5+ Qf7 17. Be2 Bc3+ 18. Kf2 0-0 19. Qxf7+ Rxf7 20. Bf3 Rxf4 21. Rd8+ Rf8 22. Rxf8+ Kxf8 23. Bxa8 Nd7 24. Ke3 Nc5 25. g4 a5 26. g5 Ba6 27. Be4 Nxe4 28. Kxe4 Bb7+ 0-1

[Event "Novokuznetsk-ch op"]
[Site "Novokuznetsk"]
[Date "2009.11.29"]
[Round "5"]
[White "Vladimirov, Mikhail"]
[Black "Pantykin, Sergej"]
[Result "1-0"]
[WhiteElo "2189"]
[BlackElo "2131"]
[PlyCount "55"]
[EventDate "2009.11.21"]
[EventType "swiss"]
[EventRounds "9"]
[EventCountry "RUS"]
[SourceTitle "EXT 2011"]
[Source "ChessBase"]
[SourceDate "2010.11.26"]
[SourceVersion "1"]
[SourceVersionDate "2010.11.26"]
[SourceQuality "1"]

1. e4 c6 2. d4 d5 3. e5 Bf5 4. h4 h6 5. g4 Be4 6. f3 Bg6 7. h5 Bh7 8. e6 Qd6 9. exf7+ Kxf7 10. Ne2 e5 11. dxe5 Qxe5 12. Nbc3 Bb4 13. Bf4 Qe6 14. Bh3 g5 15. hxg6+ Qxg6 16. Qd4 Bxc3+ 17. Qxc3 Nf6 18. 0-0-0 Nbd7 19. Nd4 Rhf8 20. Nf5 Rfe8 21. Nxh6+ Ke7 22. g5 Nh5 23. Bf5 Nxf4 24. Rhe1+ Kd8 25. Bxg6 Bxg6 26. Rxe8+ Bxe8 27. Qe3 Ng6 28. f4 1-0